Score 0/24 Timer 05:00
8 Plays Today
% Correct
Bruce Wayne
98.4%
Gotham City
94.8%
Joker or Catwoman
93.8%
The Batcave
91.5%
Alfred Pennyworth
83.7%
James Gordon
83.7%
Keaton, Kilmer, Clooney,
Bale, Affleck
82%
Adam West
76.3%
The Bat-Signal
72.6%
Bane
72.4%
Heath Ledger
72%
Dick Grayson, Jason Todd, Tim Drake,
Stephanie Brown, Damian Wayne
62%
% Correct
Utility Belt
61%
Thomas and Martha Wayne
59.7%
Harley Quinn
56.4%
Batgirl
55.3%
Selina Kyle
55%
Christopher Nolan
54.6%
Arkham Asylum, Arkham City,
Arkham Origins, Arkham Knight
53.1%
Nightwing
39.8%
Romero, Meredith,
Gorshin, Meriwether
35.4%
Detective Comics #27
30.5%
Black Canary and Huntress
28.4%
Bob Kane and Bill Finger
28%
Remove Ads.
Support Sporcle.
Get the best of Sporcle when you Go Orange. This ad-free experience offers more features, more stats, and more fun while also helping to support Sporcle. Thank you for becoming a member.

You're not logged in!

Compare scores with friends on all Sporcle quizzes.
OR
Log In

Show Comments

Extras

Top Quizzes Today


Score Distribution

Your Account Isn't Verified!

In order to create a playlist on Sporcle, you need to verify the email address you used during registration. Go to your Sporcle Settings to finish the process.

Report this User

Report this user for behavior that violates our Community Guidelines.

Details: